000 00288nam a2200121Ia 4500
008 190216s9999||||xx |||||||||||||| ||und||
100 _aSreedharan Quilandy
245 0 _aRrference-Poorna Quiz
260 _bPoorna Pubs Kozhikode
_c1988
300 _a129p
650 _aQuiz
942 _cREF
999 _c36166
_d36166